Le Palais - Choix multiples - Statistiques

Statistiques générales
  • Ce quiz a été pris 7 fois
  • Le résultat moyen est 6 sur 10
Statistiques - réponses
Question Réponse % Correct
Quel humoriste belge a piégé les visiteurs du musée de la citadelle de Vauban, au Palais, en s'en faisant passer pour le conservateur ? François Damiens
83%
Quel golfe borde Le Palais ? Le golfe de Gascogne
83%
Comment appelle-t-on le fruit de mer emblématique de l'île que différents restaurants du Palais proposent à leur carte ? Le pouce-pied
83%
Sur quelle île se trouve Le Palais ? Belle-Île-en-mer
67%
Reconnaissez-vous Le Palais sur l'une des images suivantes ?
50%
Quel peuple d'Amérique persécuté par les Anglais a vu plusieurs familles se réinstaller notamment au Palais après la fin des persécutions ? Les Acadiens
50%
Quel ministre de Louis XIV fut seigneur de l'île et avait l'un de ses châteaux au Palais, château qui est aujourd'hui en ruine ? Nicolas Fouquet
50%
Quel port sur la terre ferme assure une liaison par bateau avec Le Palais tout au long de l'année ? Quiberon
50%
Quel saint aida l'épouse du précédent pour la fondation d'un établissement hospitalier au Palais en 1659 ? Saint Vincent de Paul
50%
Pour quelle raison les habitants du Palais ont érigé une statue en hommage à l'archange saint Michel ? En reconnaissance de son soutien pendant la Seconde Guerre mondiale.
33%
Aucun quiz correspondant
Distribution des résultats
% des personnes avec chaque résultat
Percentile par nombre de réponses
Votre historique - résultats
Vous n’avez pas pris ce quiz